000 00302nam a22001337a 4500
008 180926b xxu||||| |||| 00| 0 eng d
020 _a9780137782673
041 _aeng
080 _23 ED
_a510
100 _a37
101 _aMAT
245 _aBasic College Mathematics
_cSlater.j
942 _2udc
_cBK
999 _c48482
_d48482